000 00204 a2200097 4500
001 25355
100 _aMeyer, L
245 _aAtomic Energy in Industry
260 _a
_bA T S
_c1963
090 _c17116
_d17116
942 _aNUST-CAE
_cM
_c7910
999 _c260428
_d260428